000 00417nam a2200181Ia 4500
008 170705s9999 xx 000 0 und d
020 _a9780545255066
245 _aHeroes of 9/11 /
245 _cAllan Zullo.
260 _aNew York :
260 _bScholastic,
260 _c2011
300 _a181 pages :
300 _bcolor illustration ;
300 _c19cm.
440 _aTen true tales.
500 _a980
999 _c336878
_d336878